000
00335 a2200145 4500
001
168038
020
_a
040
_c
Magnum
100
_a
Marin, Marilu
240
1
0
_a
Principes dos mares x senhores das matas
_l
por
245
1
0
_a
Principes dos mares x senhores das matas
362
0
_a
1899
697
_a
PARADIDATICO
942
_c
BK
999
_c
168038
_d
168038